zpět

Detail výsledku týmu

Hasičárna Novesta, Zlín

Datum a čas kvízu

19.5 Celkem bodů Celkový počet nahraných bodů na tomto kvízu bez doplňovacích otázek.
14. Pořadí na kvízu Konečné umístění týmu na tomto kvízu.

Zaznamenané odpovědi

# Otázka Odpověď Body Výsledky
1. Jak se jmenuje bývalý vrcholný... Jan Hamáček 0
2. Který stát minulý týden jako p... Řecko 0
3. Minulý týden zemřel kreslíř Pa... Respekt 0
4. Nadnárodní gigant na poli výro... Nike 1
5. Který norský sportovec získal... Johannes Bö 1
6. Obec s nejdelším názvem v Česk... A 1
7. Česká republika hraničí se čty... 1B 2D 3C 4A 0
8. Nejvýše položená železniční st... Kubova 0
9. V této otázce bude potřeba k z... 1D 2A 3B 4C 0
10. V České republice jsou čtyři ú... Krkonošský NP 1